01055nam a2200205 a 450000100100000000500170001000800410002704000250006811001030009324501590019626000370035530000210039270000360041370000380044904900090048795201200049695201110061695201050072799900170083200003569220230308115615.0111108s2010 dr ac 000 0 spa d aDO-SdBNPbspacBNPHU1 aRepública Dominicana.bComisionado de Apoyo a la Reforma y Modernización de la Justicia91717910aAnteproyecto de ley que regula el sistema correcional en la República/ Dominicana. /ccoordinación Lino Vásquez Sámuel, Roberto Santana Sánchez. aSanto Domingo :bCONAREJ,c2010. a312 p. ;c23 cm.12aVásquez Sámuel, Lino92006712aSantana Sánchez, Roberto936882 aBNPD 001054708DSaGRbGRcCTd2011-11-08iLF1l0o p35692-20r2020-06-25te. 3w2020-06-25yLFDSZPréstamo en sala 0010718PDaPDbPDcCTd2011-11-08iLF1l0o p35692-10r2020-06-25te. 2w2020-06-25yLFPDZNo se presta 0010718PDaPDbPDcCTd2011-11-08iLF1l0o p35692-30r2020-06-25w2020-06-25yLFPDZNo se presta c35183d35183